|
|
|
|
| LEADER |
00000naa a2200000uu 4500 |
| 001 |
vtls010935679 |
| 003 |
SK-MaSNL |
| 005 |
20260302115735.0 |
| 008 |
210902|1999 xo |||||||||||||||||eng| |
| 015 |
|
|
|a SNBRA
|
| 035 |
|
|
|a (urnnbn)urn:nbn:sk:snk:ar-a0b7j5
|
| 035 |
|
|
|a (uuid)5d39c139-f1d1-4076-917d-b28148f30c01
|
| 035 |
|
|
|a urn:nbn:sk:snk-aatzwj
|
| 040 |
|
|
|a SNKBUCL
|b slo
|c SNKBUCL
|e AACR2
|
| 041 |
0 |
|
|a eng
|
| 044 |
|
|
|a xo
|c SK
|
| 100 |
1 |
|
|a Szyszkowska, Agnieszka
|4 aut
|9 799429
|
| 245 |
1 |
0 |
|a RUMEN DEGRADABILITY OF ORGANIC MATTER AND PROTEIN OF SILAGES MADE FROM WILTED GREEN MATTERS AND FROM THE SOME PLANTS SUPPLEMENTED WITH LACTACEL L
|c Agnieszka Szyszkowska, R. Bodarski, S. Krzywiecki
|
| 246 |
3 |
|
|a STRÁVITEĽNOSŤ ORGANICKÝCH LÁTOK A PROTEÍNU ZO SILÁŽE VYROBENEJ ZO ZAVÄDNUTEJ TRÁVNEJ HMOTY A Z NIEKTORÝCH RASTLÍN OBOHATENÝCH LACTACELOM L V BACHORE
|
| 700 |
1 |
|
|a Bodarski, R.
|4 aut
|9 781898
|
| 700 |
1 |
|
|a Krzywiecki, S.
|4 aut
|9 781901
|
| 773 |
0 |
|
|t Konzervovanie objemových krmív
|d Nitra : Výskumný ústav živočíšnej výroby, 1999
|g S. 179-180
|z 8088872103
|
| 958 |
|
|
|a OND
|
| 958 |
|
|
|a article11
|
| 958 |
|
|
|a chapter
|
| 999 |
|
|
|c 1266205
|d 1268135
|